=LDR 00000nam 2200000 4500 =001 INLIS000000000049890 =005 20170410113200.0 =006 =007 =008 =020 ##$$a 978 - 602 - 6223 - 26 - 5 =035 ##$$0010-041700000000080 =040 ##$$a NBPDMAT =082 ##$$a 297. 227 3 =084 ##$$a 297. 227 3 $b Suk s =100 ##$$a ZAIDI ABDAD =245 ##$$a Sukses Membaca Al - Qur'an / Zaidi Abdad [ et al. ] ; editor, Ahmad Amir Aziz. - - cet 2. =260 ##$$a Mataram : $b Pusat Pengembangan Bahasa ( P2B ) IAIN, $c 2016 =300 ##$$a vii, 114 hlm. ; 20 cm. =440 ##$$a ULUMUL QUR'AN =500 ##$$3 Bibliografi : hlm 113 - 114 =650 ##$$a ULUMUL QUR'AN =700 ##$$a ZAIDI ABDAD, AHMAD AMIR AZIZ =850 ##$$a NBPDMAT =990 ##$$a 283/46/2017 =990 ##$$a 21604250 =990 ##$$a 21604251 =990 ##$$a 21604252 =990 ##$$a 21604254 =990 ##$$a 283/46/2017 =990 ##$$a 21604250 =990 ##$$a 21604251 =990 ##$$a 21604252 =990 ##$$a 21604254 =990 ##$$a 283/46/2017 =990 ##$$a 21604251 =990 ##$$a 21604252 =990 ##$$a 283/46/2017 =990 ##$$a 21604254 =990 ##$$a 283/46/2017 =990 ##$$a 283/46/2017 =990 ##$$a 21604251 =990 ##$$a 283/46/2017 =990 ##$$a 21604254 =990 ##$$a 283/46/2017 =990 ##$$a 283/46/2017 =990 ##$$a 21604251 =990 ##$$a 283/46/2017 =990 ##$$a 283/46/2017